[Event "Pardubice Czech op-E 33rd"]
[Site "Pardubice"]
[Date "2022.07.16"]
[Round "5.3"]
[White "Frank, Adam"]
[Black "Chytilek, Roman"]
[Result "1-0"]
[WhiteElo "2313"]
[BlackElo "2317"]
[PlyCount "77"]
[EventDate "2022.07.14"]
[EventType "team-swiss"]
[EventRounds "7"]
[EventCountry "CZE"]
[SourceTitle "CBM 209 Extra"]
[Source "ChessBase"]
[SourceDate "2022.09.30"]
[SourceVersion "1"]
[SourceVersionDate "2022.09.30"]
[SourceQuality "1"]
[WhiteTeam "Beskydy Chess School J"]
[BlackTeam "Brno Duras"]
[WhiteTeamCountry "CZE"]
[BlackTeamCountry "CZE"]

1. e4 e6 2. d4 d5 3. Nd2 c5 4. exd5 Qxd5 5. Ngf3 cxd4 6. Bc4 Qd7 7. 0-0 Nf6 8. Nb3 Nc6 9. Nbxd4 Nxd4 10. Nxd4 a6 11. Bb3 Bc5 12. c3 b6 13. Re1 Bxd4 14. cxd4 Bb7 15. Bf4 Bd5 16. Bc2 Qb7 17. f3 Nh5 18. Be3 f5 19. Bb3 0-0 20. Bf2 Rae8 21. Bxd5 Qxd5 22. Qa4 Nf4 23. Qxa6 Rf6 24. Qxb6 Nxg2 25. Kxg2 Rg6+ 26. Bg3 f4 27. Re5 Qa8 28. Ra5 Qc8 29. Rc5 Qd7 30. Rc7 Qd8 31. Qc5 fxg3 32. hxg3 Rg5 33. Qc6 Rd5 34. Rc1 Rxd4 35. Rc8 Rd2+ 36. Kh3 Qxc8 37. Qxc8 Rxc8 38. Rxc8+ Kf7 39. Rb8 1-0

[Event "CZE-chT 2122"]
[Site "Czech Republic"]
[Date "2022.04.10"]
[Round "15.6"]
[White "Chytilek, Roman"]
[Black "Simek, Petr1111"]
[Result "1/2-1/2"]
[WhiteElo "2321"]
[BlackElo "2298"]
[PlyCount "73"]
[EventDate "2021.10.15"]
[EventType "team-tourn"]
[EventRounds "15"]
[EventCountry "CZE"]
[SourceTitle "EXT 2023"]
[Source "ChessBase"]
[SourceDate "2022.10.05"]
[SourceVersion "1"]
[SourceVersionDate "2022.10.05"]
[SourceQuality "1"]
[WhiteTeam "Brno Duras"]
[BlackTeam "Unichess"]
[WhiteTeamCountry "CZE"]
[BlackTeamCountry "CZE"]

1. d4 Nf6 2. c4 e6 3. Nf3 d5 4. Nc3 a6 5. cxd5 exd5 6. Bf4 Bd6 7. e3 0-0 8. Ne5 Qe7 9. Be2 Nbd7 10. Nd3 Bxf4 11. Nxf4 c6 12. Qc2 Ne8 13. 0-0-0 Nd6 14. Bd3 Nf6 15. Rhe1 h6 16. f3 Nb5 17. h4 Nxc3 18. Qxc3 Be6 19. g4 Nd7 20. g5 Rfc8 21. gxh6 gxh6 22. Kb1 Qf6 23. Qd2 Kh8 24. e4 dxe4 25. fxe4 Bg4 26. e5 Qe7 27. Rc1 Rg8 28. Rg1 Qxh4 29. Rh1 Qg5 30. Rcg1 Rg7 31. Qh2 Kg8 32. Qxh6 Qxh6 33. Rxh6 Bf5 34. Rxg7+ Kxg7 35. Bxf5 Kxh6 36. Bxd7 Rd8 37. e6 1/2-1/2

[Event "CZE-chT 2122"]
[Site "Czech Republic"]
[Date "2022.02.13"]
[Round "10.4"]
[White "Hollan, Martin"]
[Black "Chytilek, Roman"]
[Result "0-1"]
[WhiteElo "2356"]
[BlackElo "2321"]
[PlyCount "82"]
[EventDate "2021.10.15"]
[EventType "team-tourn"]
[EventRounds "15"]
[EventCountry "CZE"]
[SourceTitle "EXT 2023"]
[Source "ChessBase"]
[SourceDate "2022.10.05"]
[SourceVersion "1"]
[SourceVersionDate "2022.10.05"]
[SourceQuality "1"]
[WhiteTeam "Kromeriz Slavia"]
[BlackTeam "Brno Duras"]
[WhiteTeamCountry "CZE"]
[BlackTeamCountry "CZE"]

1. e4 g6 2. d4 Bg7 3. Nf3 d6 4. Bc4 c6 5. Qe2 d5 6. Bb3 e6 7. 0-0 Ne7 8. Bg5 h6 9. Bh4 dxe4 10. Qxe4 g5 11. Bg3 f5 12. Qe2 f4 13. Bxf4 gxf4 14. Bxe6 Bxe6 15. Qxe6 Qd7 16. Qe4 0-0 17. Nbd2 Na6 18. Nc4 Rae8 19. Rfe1 Nf5 20. Nce5 Qd5 21. Qxd5+ cxd5 22. Ng6 Rxe1+ 23. Rxe1 Rf6 24. Nxf4 Nxd4 25. Nxd4 Rxf4 26. Ne6 Re4 27. Rxe4 dxe4 28. c3 Bf6 29. Kf1 Kf7 30. Nf4 Nc5 31. f3 Be5 32. g3 Bxf4 33. gxf4 exf3 34. Kf2 Nd3+ 35. Kxf3 Nxb2 36. Ke4 Kf6 37. Kd5 Na4 38. c4 Nc3+ 39. Kd6 Nxa2 40. Kc7 Nb4 41. Kxb7 a5 0-1

[Event "CZE-chT1E 1819"]
[Site "Czech Republic"]
[Date "2019.02.03"]
[Round "7.3"]
[White "Husek, Martin"]
[Black "Chytilek, Roman"]
[Result "0-1"]
[WhiteElo "2134"]
[BlackElo "2334"]
[PlyCount "120"]
[EventDate "2018.10.21"]
[EventType "team-tourn"]
[EventRounds "11"]
[EventCountry "CZE"]
[SourceTitle "CBM 188 Extra"]
[Source "ChessBase"]
[SourceDate "2019.02.26"]
[SourceVersion "1"]
[SourceVersionDate "2019.02.26"]
[SourceQuality "1"]
[WhiteTeam "Stare Mesto"]
[BlackTeam "Trinec"]
[WhiteTeamCountry "CZE"]
[BlackTeamCountry "CZE"]

1. e4 c6 2. d4 d5 3. e5 c5 4. dxc5 e6 5. Nf3 Bxc5 6. Bd3 Nc6 7. 0-0 Nge7 8. a3 Ng6 9. b4 Bb6 10. Re1 Bd7 11. Bb2 0-0 12. Nbd2 f6 13. exf6 gxf6 14. c4 Nf4 15. Bf1 Ne5 16. Nxe5 fxe5 17. c5 Bc7 18. Qg4+ Ng6 19. Bxe5 Bxe5 20. Rxe5 Qf6 21. Nf3 Kh8 22. Ree1 Rae8 23. Qd4 e5 24. Qxd5 Bc6 25. Qd6 Re6 26. Qd3 Nf4 27. Qe3 Qg7 28. Kh1 Rg8 29. g3 Qg4 30. Kg1 Qxf3 31. Qxf3 Bxf3 32. Re3 Bc6 33. b5 Bd5 34. Rd1 Ree8 35. f3 Be6 36. Rxe5 Nh3+ 37. Kg2 Ng5 38. Kf2 Nxf3 39. Rxe6 Rxe6 40. Kxf3 Rf8+ 41. Kg2 Ref6 42. Bc4 Rf2+ 43. Kh3 Rc2 44. Rd4 Rc8 45. c6 bxc6 46. bxc6 Rxc6 47. Rd8+ Kg7 48. Rd7+ Kf6 49. Bd3 Rc7 50. Rd6+ Ke5 51. Rh6 R2c3 52. Bxh7 Rxa3 53. Bg8 Ra4 54. Rh5+ Kf6 55. Bb3 Ra3 56. Bd1 a5 57. Rh6+ Kg5 58. Rh5+ Kg6 59. Kh4 Ra2 60. h3 Rh7 0-1

[Event "CZE-chT 1718"]
[Site "Czech Republic"]
[Date "2017.11.18"]
[Round "1.3"]
[White "Priehoda, Vitezslav"]
[Black "Chytilek, Roman"]
[Result "1/2-1/2"]
[WhiteElo "2360"]
[BlackElo "2335"]
[PlyCount "42"]
[EventDate "2017.11.18"]
[EventType "team-tourn"]
[EventRounds "11"]
[EventCountry "CZE"]
[SourceTitle "CBM 181 Extra"]
[Source "ChessBase"]
[SourceDate "2017.12.12"]
[SourceVersion "1"]
[SourceVersionDate "2017.12.12"]
[SourceQuality "1"]
[WhiteTeam "Lysa nad Labem II"]
[BlackTeam "Brno Duras"]
[WhiteTeamCountry "CZE"]
[BlackTeamCountry "CZE"]

1. d4 Nf6 2. c4 e6 3. g3 d5 4. Nf3 Bb4+ 5. Bd2 Be7 6. Bg2 0-0 7. 0-0 c6 8. Qc2 Nbd7 9. Rd1 b6 10. Bg5 h6 11. Bxf6 Nxf6 12. Nbd2 Bb7 13. e4 Rc8 14. e5 Nd7 15. cxd5 cxd5 16. Qd3 Nb8 17. Rac1 Qd7 18. h4 Ba6 19. Qb1 Be2 20. Re1 Rxc1 21. Rxc1 Rc8 1/2-1/2

[Event "CZE-chT 1617"]
[Site "Czech Republic"]
[Date "2016.10.08"]
[Round "1.3"]
[White "Chytilek, Roman"]
[Black "Simek, Petr1111"]
[Result "1/2-1/2"]
[WhiteElo "2326"]
[BlackElo "2380"]
[PlyCount "49"]
[EventDate "2016.10.08"]
[EventType "team-tourn"]
[EventRounds "11"]
[EventCountry "CZE"]
[SourceTitle "EXT 2017"]
[Source "ChessBase"]
[SourceDate "2016.10.25"]
[SourceVersion "1"]
[SourceVersionDate "2016.10.25"]
[SourceQuality "1"]
[WhiteTeam "Brno Duras"]
[BlackTeam "Unichess"]
[WhiteTeamCountry "CZE"]
[BlackTeamCountry "CZE"]

1. d4 Nf6 2. Nf3 e6 3. c4 d5 4. Nc3 dxc4 5. e3 a6 6. a4 b6 7. Bxc4 Bb7 8. 0-0 Nbd7 9. Qe2 Bb4 10. Rd1 Qe7 11. d5 exd5 12. Nxd5 Nxd5 13. Bxd5 Bxd5 14. Rxd5 0-0 15. e4 Rfe8 16. Bg5 Qe6 17. Qd1 Bd6 18. Nd4 Qxe4 19. Nf5 Re5 20. Rxe5 Qxe5 21. Nxd6 cxd6 22. Qd2 Nc5 23. Bf4 Qf6 24. Qxd6 Rd8 25. Qxf6 1/2-1/2

[Event "AUT-chT2O 1516"]
[Site "Austria"]
[Date "2016.02.20"]
[Round "5.4"]
[White "Chytilek, Roman"]
[Black "Videki, Sandor"]
[Result "0-1"]
[WhiteElo "2345"]
[BlackElo "2400"]
[PlyCount "108"]
[EventDate "2015.10.17"]
[EventType "team-tourn"]
[EventRounds "11"]
[EventCountry "AUT"]
[SourceTitle "EXT 2017"]
[Source "ChessBase"]
[SourceDate "2016.10.25"]
[SourceVersion "1"]
[SourceVersionDate "2016.10.25"]
[SourceQuality "1"]
[WhiteTeam "Stockerau"]
[BlackTeam "Pressbaum"]
[WhiteTeamCountry "AUT"]
[BlackTeamCountry "AUT"]

1. d4 d5 2. c4 c6 3. Nf3 Nf6 4. Nc3 e6 5. cxd5 exd5 6. Qc2 Na6 7. a3 Nc7 8. Bf4 Bd6 9. Bxd6 Qxd6 10. e3 0-0 11. Bd3 Qe7 12. h3 Nce8 13. 0-0 Nd6 14. Nd2 g6 15. Rfe1 Re8 16. f3 Nh5 17. Nf1 Qg5 18. Qf2 Be6 19. g4 Ng7 20. Kh2 h5 21. f4 Qd8 22. Qg3 hxg4 23. hxg4 f5 24. Nd2 fxg4 25. Bxg6 Ndf5 26. Qxg4 Nh4 27. f5 Bxf5 28. Bxf5 Nhxf5 29. e4 Qd6+ 30. Kg2 Nh6 31. Qg3 Qxg3+ 32. Kxg3 dxe4 33. Ndxe4 Re6 34. d5 Rg6+ 35. Kh3 Nhf5 36. Rg1 Rh6+ 37. Kg4 Rf8 38. Rae1 Rh4+ 39. Kg5 Rh5+ 40. Kg4 cxd5 41. Nc5 Nh6+ 42. Kg3 Kh7 43. Kg2 Ngf5 44. Ne6 Nh4+ 45. Kg3 Rg8+ 46. Kf4 Rf5+ 47. Ke3 Rxg1 48. Rxg1 Re5+ 49. Kd3 Rxe6 50. Nxd5 Nf3 51. Rg3 Ne5+ 52. Kc2 Nf5 53. Rg5 Nd4+ 54. Kc3 Rc6+ 0-1